| 000 | 00354nam a2200145Ia 4500 | ||
|---|---|---|---|
| 008 | 210716s2007 xx 000 0 und d | ||
| 041 | _aeng | ||
| 082 | _a004.65 BAST | ||
| 100 | _aBasavaraju, T G. | ||
| 245 | _aComputer networks II. | ||
| 250 | _a1 | ||
| 260 |
_aBangalore _bStar Tech Education _c2007 |
||
| 300 | _a316 | ||
| 650 | _aComputer Networks | ||
| 999 |
_c188412 _d188412 |
||